| 000 | 00820nam a2200205 i 4500 | ||
|---|---|---|---|
| 001 | 68553 | ||
| 003 | ES-MaACL | ||
| 005 | 20230906170314.0 | ||
| 007 | t| | ||
| 008 | 960807s1891 sp |||| | spa d | ||
| 080 | _a821.134.2-311.4.09"15/16" | ||
| 100 | 1 |
_aGarriga y Palau, Francisco Javier ( _d1864-1941) _9164360 |
|
| 245 | 1 | 0 |
_aEstudio de la novela picaresca española _b: (artículos publicados en la "Revista contemporánea") / _cpor Francisco Javier Garriga. |
| 260 |
_aMadrid : _b[s.n.], _c1891 ( _fImp. de Manuel G. Hernández) |
||
| 300 |
_a39 p. ; _c25 cm. |
||
| 530 | _aDisponible en formato digital. | ||
| 650 | 4 |
_aNovela picaresca española- _xHistoria y crítica. _9161138 |
|
| 852 |
_aES-MaACL _jT-533-F-2 |
||
| 856 |
_uhttp://bdh-rd.bne.es/viewer.vm?id=0000065969&page=1 _zBiblioteca Digital Hispánica |
||
| 999 |
_c68553 _d68553 |
||